Normal view
MARC view
Entry Personal Name
001 - CONTROL NUMBER
- control field: 43783
003 - CONTROL NUMBER IDENTIFIER
- control field: OSt
005 - DATE AND TIME OF LATEST TRANSACTION
- control field: 20240229144453.0
008 - FIXED-LENGTH DATA ELEMENTS
- fixed length control field: 240229|| aca||aabn | a|a d
040 ## - CATALOGING SOURCE
- Original cataloging agency: OSt
- Transcribing agency: OSt
100 ## - HEADING--PERSONAL NAME
- Personal name: Klemsdal, Lars and Wittusen, Cato
670 ## - SOURCE DATA FOUND
- Source citation: Work cat.: (OSt)523683: Klemsdal, Lars and Wittusen, Cato , Agency in compliance with institutions: The case of professional expert-organizations and politico-ethical agency
